[Event "Wellington CC-chA"]
[Site "Wellington"]
[Date "2015.11.19"]
[Round "9"]
[White "Perry, Roger"]
[Black "Ker, Anthony F"]
[Result "0-1"]
[WhiteElo "1998"]
[BlackElo "2294"]
[PlyCount "90"]
[EventDate "2015.09.24"]
[EventType "tourn"]
[EventRounds "9"]
[EventCountry "NZL"]
[SourceTitle "EXT 2018"]
[Source "ChessBase"]
[SourceDate "2017.10.13"]
[SourceVersion "1"]
[SourceVersionDate "2017.10.13"]
[SourceQuality "1"]

1. e4 d6 2. d4 Nf6 3. Nc3 g6 4. f4 Bg7 5. Nf3 c5 6. dxc5 Qa5 7. Qd4 dxc5 8. Qc4 0-0 9. e5 Be6 10. Qb5 Qxb5 11. Nxb5 Nd5 12. Bd2 Nc6 13. 0-0-0 Rad8 14. Bd3 Ndb4 15. Bxb4 Nxb4 16. a3 Nxd3+ 17. Rxd3 Rxd3 18. cxd3 Rd8 19. Rd1 Bg4 20. Kd2 Bxf3 21. gxf3 Bh6 22. Ke3 f6 23. exf6 exf6 24. Nxa7 Re8+ 25. Kf2 Bxf4 26. h3 Be5 27. Rd2 Bd4+ 28. Kg2 Re1 29. Nb5 Be3 30. Rc2 Rg1+ 31. Kh2 Rd1 32. Nc3 Rxd3 33. Ne4 b6 34. Nxf6+ Kf7 35. Ne4 Ke6 36. Kg2 h6 37. a4 Kd5 38. Nc3+ Kc4 39. Nd1+ Kb3 40. Nxe3 Rxe3 41. Rd2 Re6 42. Kg3 Kxa4 43. Kg4 Kb3 44. f4 c4 45. f5 Re4+ 0-1